The functions of language and cognition

Збережено в:
Бібліографічні деталі
Автори: Whitehurst, Grover J (Автор), Zimmerman, Barry J (Автор)
Формат: Книга
Мова:Англійська
Опубліковано: Nueva York Academic Press 1979
Предмети:
Теги: Додати тег
Немає тегів, Будьте першим, хто поставить тег для цього запису!

MARC

LEADER 00000nam a2200000 a 4500
001 UCI5580
003 CL-VaPUC
008 080404e19790000US |||||||||||||||||eng|d
020 |a 0127470506 
082 0 4 |a 153  |b WHI  |2 21 
100 0 |a Whitehurst, Grover J  |e author  |9 528036 
700 0 |a Zimmerman, Barry J  |e author  |9 528037 
245 1 4 |a The functions of language and cognition 
300 |a 313 p 
942 |c BK 
945 |d 20080404 00:00:00  |a rbrito 
260 |a Nueva York  |b Academic Press  |c 1979 
650 0 |a Psicolingüística   |9 283371 
650 0 |a Lenguaje infantil   |9 314705 
650 0 |a Cognición   |9 270347 
650 0 |a Lenguaje   |9 265069 
650 7 |a NIÑOS LENGUAJE  |2 CL-VaPUC  |9 522882 
583 |a last modification  |c 20080404 00:00:00  |k Rodrigo Vera 
999 |c 329320  |d 329318 
952 |0 0  |1 0  |4 0  |6 153_000000000000000_WHI_1979  |7 0  |8 A  |9 413710  |a FDOPOS  |b FDOPOS  |d 2019-11-22  |i 4422554  |o 153 WHI 1979  |p 4422554  |r 2025-01-22  |w 2019-11-22  |y BK  |k MLA